000 00583nam a2200241Ia 4500
003 OSt
005 20220912145520.0
006 a|||||r|||| 00| 0
007 ta
008 220909b |||||||| |||| 00| 0 eng d
024 _a69309
037 _cTextual
040 _aCSL
_beng
_cCSL
041 _aeng
082 _aLu671:D, J3
100 _aLeake Chauncey D
245 0 _aOld egyptian medical papyri
260 _c1953
300 _ap.
_ccm.
650 _aMedicine history
942 _hLu671:D, J3
_cTEXL
_2CC
999 _c33564
_d33564